书目信息 |
| 题名: |
风景园林工程营建实训教程
|
|
| 作者: | 赵杨 , 吴威 主编 | |
| 分册: | ||
| 出版信息: | 北京 中国建筑工业出版社 2021.01 |
|
| 页数: | 115页, [16] 页图版 | |
| 开本: | 26cm | |
| 丛书名: | ||
| 单 册: | ||
| 中图分类: | TU986.3 | |
| 科图分类: | ||
| 主题词: | 园林--yuan lin--工程施工--教材 | |
| 电子资源: | ||
| ISBN: | 978-7-112-24708-0 | |
| 000 | 01027nam0 2200253 450 | |
| 001 | 202021191831 | |
| 005 | 20211025120130.0 | |
| 010 | @a978-7-112-24708-0@dCNY49.00 | |
| 100 | @a20210919d2021 em y0chiy50 ea | |
| 101 | 0 | @achi |
| 102 | @aCN@b110000 | |
| 105 | @aaf a 000yy | |
| 106 | @ar | |
| 200 | 1 | @a风景园林工程营建实训教程@Afeng jing yuan lin gong cheng ying jian shi xun jiao cheng@f赵杨, 吴威主编 |
| 210 | @a北京@c中国建筑工业出版社@d2021.01 | |
| 215 | @a115页, [16] 页图版@c图@d26cm | |
| 320 | @a有书目 | |
| 330 | @a本书分两篇, 上篇把世界技能竞赛园林项目改编成园林工程技能训练模块 (10个) ; 下篇列举了11项小型园林工程案例。其中多数为参加上海 (国际) 花展和香港花展的项目, 有中国和美国园林院校交流合作, 由中美两国教师带领学生完成的贵州山区园林项目, 师生共同参加“设计+建造”, 完成园林工程全过程。 | |
| 606 | 0 | @a园林@Ayuan lin@x工程施工@j教材 |
| 690 | @aTU986.3@v5 | |
| 701 | 0 | @a赵杨@Azhao yang@4主编 |
| 701 | 0 | @a吴威@Awu wei@4主编 |
| 801 | 0 | @aCN@c20210909 |
| 905 | @a河南城建学院图书馆@dTU986.3@eZ342 | |
| 风景园林工程营建实训教程/赵杨, 吴威主编.-北京:中国建筑工业出版社,2021.01 |
| 115页, [16] 页图版:图;26cm |
| ISBN 978-7-112-24708-0:CNY49.00 |
| 本书分两篇, 上篇把世界技能竞赛园林项目改编成园林工程技能训练模块 (10个) ; 下篇列举了11项小型园林工程案例。其中多数为参加上海 (国际) 花展和香港花展的项目, 有中国和美国园林院校交流合作, 由中美两国教师带领学生完成的贵州山区园林项目, 师生共同参加“设计+建造”, 完成园林工程全过程。 |
| ● |
| 相关链接 |
|
|
|
正题名:风景园林工程营建实训教程
索取号:TU986.3/Z342
 
预约/预借
| 序号 | 登录号 | 条形码 | 馆藏地/架位号 | 状态 | 备注 |
| 1 | 1540709 | 215407094 | 建筑库201/201建筑库 116排1列3层/ [索取号:TU986.3/Z342] | 在馆 | |
| 2 | 1540710 | 215407101 | 建筑库201/201建筑库 116排1列3层/ [索取号:TU986.3/Z342] | 在馆 |